000 00757nam a22002777a 4500
001 BR9701816
003 BR-BrBNA
005 20230928095359.0
007 ta
008 230509b bl.||||| |||| 00| 0 por d
040 _aBR-BrBNA
_bpor
_cBiblioteca Nacional de Agricultura
041 _a(Por)
072 _aL01
_b5212
090 _ 5212 BR9701816
100 1 _aKichof, B.
110 1 _aAssociacao Riograndense de Empreendimentos de Assistencia Tecnica e Extensao Rural, Porto Alegre, RS (Brasil)
245 1 _aCriacao de terneira
250 1 _a3. ed.
260 3 _aPorto Alegre, RS (Brasil):
_c1996.
300 _a28 p.
500 _a6 ref.
650 _aBezerro
650 _aCriacao
909 _a202309
_bLucia
_c55
_dLucia Elande
942 _cBK
999 _c56228
_d56228